000 00747nam a2200265Ia 4500
005 20260121170405.0
008 008 260114s9999 xx 000 0 eng d
020 _a9783319734323
037 _aEBOOK
040 _aCRL
040 _beng
040 _cCRL
041 _2eng
041 _aeng
084 _qCRL
100 _aIliada Elia, Joanne Mulligan, Ann Anderson, Anna Baccaglini-Frank, Christiane Benz
_91063296
245 0 _aContemporary Research and Perspectives on Early Childhood Mathematics Education
260 _bSpringer
260 _bSpringer
260 _c2018
856 _uhttps://link.springer.com/openurl?genre=book&isbn=978-3-319-73432-3
942 _cEBOOK
999 _c1629025
_d1629025